| 000 | 00644nam a2200229Ia 4500 | ||
|---|---|---|---|
| 003 | OSt | ||
| 005 | 20220928101551.0 | ||
| 006 | a|||||r|||| 00| 0 | ||
| 007 | ta | ||
| 008 | 220927b |||||||| |||| 00| 0 eng d | ||
| 024 | _a100480 | ||
| 037 | _cTextual | ||
| 040 |
_aSDCL _cSDCL _beng |
||
| 041 |
_2eng _aeng |
||
| 082 | _aR3xG24, N0 | ||
| 100 |
_aYearly Lee H _9391763 |
||
| 245 | 0 |
_aMencius and Aquinas _b theories of virtue and conceptions of courage. |
|
| 260 |
_aNew York _b State University Of New Press _c1990 |
||
| 300 |
_a280 _ccm. |
||
| 942 |
_hR3xG24, N0 _cTEXL _2CC |
||
| 999 |
_c707606 _d707606 |
||